| 000 | 01535 a2200253 4500 | ||
|---|---|---|---|
| 003 | Nust | ||
| 005 | 20221121101611.0 | ||
| 010 | _a 97050343 | ||
| 020 | _a0028028333 (student ed.) | ||
| 020 | _a0028028384 (instructor's annotated ed.) | ||
| 040 | _cNust | ||
| 082 | 0 | 0 | _a621.381,MAL |
| 100 | 1 |
_aMalvino, Albert Paul. _956026 |
|
| 245 | 1 | 0 |
_aMalvino electronic principles / _cAlbert Paul Malvino. |
| 250 | _a6th ed. | ||
| 260 |
_aNew York : _bGlencoe/McGraw-Hill, _cc1999. |
||
| 300 |
_axi, 1012 p. : _bcol. ill. ; _c27 cm. |
||
| 505 | _aIntroduction (Page-1), Semiconductors (Page-30), Diode Theory (Page-62), Diode Circuits (Page-90), Special-Purpose Diodes (Page-144), Bipolar Transistors (Page-188), Transistor Fundamentals (Page-220), Transistor Biasing (Page-258), AC Models (Page-282), Voltage Amplifiers (Page-312), Power Amplifiers (Page-340), Emitter Followers (Page-378), Jfets (Page-420), Mosfets (Page-466), Thyristors (Page-494), Frequency Effects (Page-524), Differential Amplifiers (Page-570), Operational Amplifiers (Page-616), Negative Feedback (Page-662), Linear op-AMP Circuits (Page-692), Active Filters (Page-742), Nonlinear op-AMP Circuits (Page-806), Oscillators (Page-854), Regulated Power Supplies (Page-906). | ||
| 650 | 0 | _aTelecommunication Engineering | |
| 700 | 1 |
_aMalvino, Albert Paul. _956026 |
|
| 856 | 4 | 2 |
_3Publisher description _uhttp://www.loc.gov/catdir/description/mh031/97050343.html |
| 856 | 4 | 2 |
_3Table of contents _uhttp://www.loc.gov/catdir/toc/mh031/97050343.html |
| 942 |
_2ddc _cBK |
||
| 999 |
_c180739 _d180739 |
||